<?xml version="1.0" encoding="UTF-8"?><?xml-stylesheet type="text/xsl" href="static/style.xsl"?><OAI-PMH xmlns="http://www.openarchives.org/OAI/2.0/" xmlns:xsi="http://www.w3.org/2001/XMLSchema-instance" xsi:schemaLocation="http://www.openarchives.org/OAI/2.0/ http://www.openarchives.org/OAI/2.0/OAI-PMH.xsd"><responseDate>2026-06-05T17:33:25Z</responseDate><request verb="GetRecord" identifier="oai:riuma.uma.es:10630/20066" metadataPrefix="marc">https://riuma.uma.es/rest/oai/request</request><GetRecord><record><header><identifier>oai:riuma.uma.es:10630/20066</identifier><datestamp>2026-02-03T12:27:00Z</datestamp><setSpec>com_10630_2254</setSpec><setSpec>col_10630_37959</setSpec></header><metadata><record xmlns="http://www.loc.gov/MARC21/slim" xmlns:dcterms="http://purl.org/dc/terms/" xmlns:doc="http://www.lyncode.com/xoai" xmlns:xsi="http://www.w3.org/2001/XMLSchema-instance" xsi:schemaLocation="http://www.loc.gov/MARC21/slim http://www.loc.gov/standards/marcxml/schema/MARC21slim.xsd">
   <leader>00925njm 22002777a 4500</leader>
   <datafield ind2=" " ind1=" " tag="042">
      <subfield code="a">dc</subfield>
   </datafield>
   <datafield ind2=" " ind1=" " tag="720">
      <subfield code="a">Casado Patricio, Elena</subfield>
      <subfield code="e">author</subfield>
   </datafield>
   <datafield ind2=" " ind1=" " tag="260">
      <subfield code="c">2020-10-21</subfield>
   </datafield>
   <datafield ind2=" " ind1=" " tag="520">
      <subfield code="a">Las investigaciones realizadas hasta la fecha en esta línea apuntan a que las personas cumplen con las normas y decisiones cuando confían en las instituciones de las que éstas emanan (Tyler, 2017). La necesidad de investigar en esta área parte de la imposibilidad de perseguir todos los delitos. Y de la necesidad de que una gran parte de las leyes y pronunciamientos institucionales se cumplan de manera voluntaria y espontánea (Tankebee, 2013).&#xd;
&#xd;
Por ello, dado la creciente línea de investigación en este sentido, este estudio pretende contribuir a un mejor conocimiento de los elementos que predicen la confianza institucional, ya que una vez que estos sean identificados se podrán establecer líneas de intervención que los potencien. Debido a lo cual, tras el fortalecimiento de éstos, se conseguiría de manera directa una mayor confianza institucional; así como de manera indirecta, mayor conformidad y menor delincuencia. &#xd;
&#xd;
Para predecir la confianza institucional en esta investigación se elaboraron tres modelos de regresión lineal, a través del análisis de la Encuesta Social Europea. Con ello se pretendía conocer qué variables sociodemográficas podían predecir la confianza en las instituciones, concretamente en la policía, en el sistema legal y en los políticos. &#xd;
&#xd;
Los modelos de regresión mostraron que entre las variables que explicarían o predecirían la confianza institucional se encontraban la religiosidad de la persona encuestada, la victimización sufrida, la satisfacción con la democracia y la economía, el modelo de Estado de Bienestar del país, la ideología… Pero especial mención requiere las variables de actitud hacia la inmigración, ya que también predecían la confianza institucional. Y esta variable juega un papel clave por dos razones: uno debido a la multiculturalidad cada vez más común en todos los países. Y dos, por la relación, que la literatura ha mostrado, entre actitud hacia la inmigración y confianza institucional (Gualda, 2004).</subfield>
   </datafield>
   <datafield ind1="8" ind2=" " tag="024">
      <subfield code="a">https://hdl.handle.net/10630/20066</subfield>
   </datafield>
   <datafield tag="653" ind2=" " ind1=" ">
      <subfield code="a">Predicción</subfield>
   </datafield>
   <datafield tag="653" ind2=" " ind1=" ">
      <subfield code="a">Instituciones públicas</subfield>
   </datafield>
   <datafield tag="653" ind2=" " ind1=" ">
      <subfield code="a">Inmigrantes - Opinión pública</subfield>
   </datafield>
   <datafield tag="653" ind2=" " ind1=" ">
      <subfield code="a">Delincuencia - Prevención</subfield>
   </datafield>
   <datafield tag="653" ind2=" " ind1=" ">
      <subfield code="a">Adhesión</subfield>
   </datafield>
   <datafield tag="653" ind2=" " ind1=" ">
      <subfield code="a">Legitimidad de gobiernos</subfield>
   </datafield>
   <datafield tag="653" ind2=" " ind1=" ">
      <subfield code="a">Regresión lineal - Modelos</subfield>
   </datafield>
   <datafield ind2="0" ind1="0" tag="245">
      <subfield code="a">La predicción de la confianza institucional como clave para la conformidad</subfield>
   </datafield>
</record>
</metadata></record></GetRecord></OAI-PMH>